[Event "28th Czech Open A 2017"]
[Site "Pardubice CZE"]
[Date "2017.07.29"]
[Round "9.86"]
[White "Nitish, Belurkar"]
[Black "Manafov, Vugar"]
[Result "1/2-1/2"]
[WhiteTitle "FM"]
[WhiteElo "2283"]
[BlackElo "2165"]
[WhiteFideId "5084768"]
[BlackFideId "13410814"]
[EventDate "2017.07.21"]

1. e4 Nf6 2. e5 Nd5 3. d4 d6 4. c4 Nb6 5. exd6 cxd6 6. Nc3 g6 7. Be3 Bg7 8. Rc1
O-O 9. b3 Bf5 10. Be2 d5 11. c5 Nc8 12. Nf3 Nc6 13. O-O Bg4 14. b4 a6 15. Rb1 e6
16. a4 N8e7 17. b5 axb5 18. axb5 Bxf3 19. Bxf3 Na5 20. Be2 Nf5 21. Qd2 Qd7 22.
Rfc1 Nxe3 23. fxe3 Bh6 24. Na4 Nc4 25. Rxc4 dxc4 26. Nb6 Qe7 27. Nxa8 Rxa8 28.
Bxc4 Ra3 29. Re1 Qg5 30. c6 bxc6 31. bxc6 Qe7 32. Qc1 Ra7 33. Be2 Kg7 34. Bf3
Qb4 35. Kf2 Qd6 36. g3 Bg5 37. Re2 h5 38. Qb2 Kh7 39. e4 Qxc6 40. d5 exd5 41.
exd5 Qd6 42. Kg2 Bf6 43. Qc2 Rc7 1/2-1/2

[Event "28th Czech Open A 2017"]
[Site "Pardubice CZE"]
[Date "2017.07.29"]
[Round "9.87"]
[White "Granovskiy, Alexandr"]
[Black "Kotyk, Vaclav"]
[Result "1-0"]
[WhiteTitle "IM"]
[WhiteElo "2282"]
[BlackElo "2157"]
[WhiteFideId "13700243"]
[BlackFideId "384232"]
[EventDate "2017.07.21"]

1. e4 e5 2. Nf3 Nc6 3. Bc4 Bc5 4. c3 Nf6 5. d3 O-O 6. O-O d6 7. a4 a6 8. Re1 h6
9. Nbd2 Ba7 10. a5 Ne7 11. Nf1 Ng6 12. Be3 Bxe3 13. Nxe3 Nf4 14. h3 g6 15. Kh2
h5 16. Rh1 Kg7 17. Qc2 Rh8 18. d4 exd4 19. cxd4 Qe7 20. Rhe1 c5 21. e5 Ng4+ 22.
Kg1 cxd4 23. exd6 Qxd6 24. Rad1 Qc5 25. Rxd4 Nxe3 26. Qc3 f6 27. Rxe3 Qc7 28.
Qe1 Kh6 29. Re7 Qb8 30. Qd2 g5 31. h4 Bf5 32. hxg5+ fxg5 33. Rd6+ Bg6 34. Nxg5
Kxg5 35. Re5+ Bf5 36. g3 Qxd6 37. gxf4+ Kh4 38. Qxd6 Rhf8 39. Re3 Rae8 40. Kh2 1-0

[Event "28th Czech Open A 2017"]
[Site "Pardubice CZE"]
[Date "2017.07.29"]
[Round "9.88"]
[White "Suta, Andraz"]
[Black "Gibicar, Danijel"]
[Result "0-1"]
[BlackTitle "FM"]
[WhiteElo "2133"]
[BlackElo "2280"]
[WhiteFideId "14613190"]
[BlackFideId "24660256"]
[EventDate "2017.07.21"]

1. e4 e6 2. d4 d5 3. Nc3 Bb4 4. Qd3 Ne7 5. Bd2 b6 6. O-O-O Ba6 7. Qf3 Bxf1 8.
Rxf1 O-O 9. a3 Bxc3 10. Bxc3 c5 11. exd5 exd5 12. Ne2 Nbc6 13. h4 Qd7 14. g4 f5
15. gxf5 Nxf5 16. Qg4 Rf7 17. Rhg1 Re8 18. dxc5 bxc5 19. Ng3 d4 20. Nxf5 Rxf5
21. Bd2 Ne5 22. Qh3 Nf3 23. Rg3 Qf7 24. Qg4 Nh2 25. Qxf5 Qxf5 26. Rfg1 Re7 27.
Bg5 Re2 28. Bd2 g6 29. f4 Qe4 30. h5 Rxd2 31. Kxd2 Nf3+ 0-1

[Event "28th Czech Open A 2017"]
[Site "Pardubice CZE"]
[Date "2017.07.29"]
[Round "9.89"]
[White "Tsvetkov, Andrey"]
[Black "Babikov, Ivan"]
[Result "1-0"]
[WhiteTitle "CM"]
[BlackTitle "FM"]
[WhiteElo "2129"]
[BlackElo "2267"]
[WhiteFideId "34139360"]
[BlackFideId "4161106"]
[EventDate "2017.07.21"]

1. d4 Nf6 2. c4 c5 3. d5 b5 4. cxb5 a6 5. bxa6 g6 6. Nc3 Bxa6 7. e4 Bxf1 8. Kxf1
d6 9. g3 Bg7 10. Nf3 O-O 11. Kg2 Nbd7 12. a4 Ng4 13. Qe2 Nge5 14. Nd2 g5 15. Nf1
e6 16. Ne3 f5 17. dxe6 f4 18. f3 fxe3 19. exd7 Rxf3 20. Bxe3 Qxd7 21. Rhf1 g4
22. Bf4 Rf8 23. a5 Ng6 24. a6 R8xf4 25. a7 Rxf1 26. a8=Q+ Rf8 27. Qd5+ R1f7 28.
Nb5 Rb8 29. Rf1 Rxb5 30. Rxf7 Qxf7 31. Qxb5 Qxd5 32. exd5 Ne5 33. Qe8+ Bf8 34.
b3 Kg7 35. Kf2 Kg8 36. Ke3 Kg7 37. Ke4 Kg8 38. Kf5 Kg7 39. Ke6 Kg8 40. Kf6 Ng6
41. Qf7+ Kh8 42. Ke6 1-0

[Event "28th Czech Open A 2017"]
[Site "Pardubice CZE"]
[Date "2017.07.29"]
[Round "9.90"]
[White "Polyakov, Fedor"]
[Black "Jurek, Josef"]
[Result "0-1"]
[BlackTitle "IM"]
[WhiteElo "2120"]
[BlackElo "2263"]
[WhiteFideId "11602953"]
[BlackFideId "300993"]
[EventDate "2017.07.21"]

1. d4 Nf6 2. c4 e6 3. Nf3 b6 4. Nc3 Bb4 5. Qc2 Bb7 6. Bg5 h6 7. Bxf6 Qxf6 8.
O-O-O Bxc3 9. Qxc3 c5 10. Qd3 Bxf3 11. Qxf3 Qxf3 12. gxf3 cxd4 13. Rxd4 Nc6 14.
Rd2 Ke7 15. f4 Rhc8 16. Bg2 a6 17. Kb1 Ra7 18. b3 Na5 19. Rhd1 b5 20. cxb5 axb5
21. Rd6 Nc6 22. Bxc6 Rxc6 23. Rxc6 dxc6 24. Rc1 Kd6 25. e4 f6 26. Rd1+ Kc7 27.
e5 fxe5 28. fxe5 Kb6 29. Rd6 Rf7 30. Rxe6 Rxf2 31. Rg6 Rxh2 32. Rxg7 Kc5 33. Rd7
h5 34. e6 Kb4 35. Rd4+ Kc3 36. Rd1 Rb2+ 37. Ka1 Re2 38. Rc1+ Kb4 39. Rxc6 h4 40.
e7 Rxe7 41. Rh6 Re1+ 42. Kb2 Re2+ 43. Kb1 Rh2 44. Rh5 h3 45. a4 Kxb3 46. Rxb5+
Kxa4 47. Rh5 Kb3 48. Kc1 Rh1+ 49. Kd2 h2 50. Rh3+ Kc4 51. Rh4+ Kd5 52. Rh5+ Ke6 0-1

[Event "28th Czech Open A 2017"]
[Site "Pardubice CZE"]
[Date "2017.07.29"]
[Round "9.91"]
[White "Jayaram, R."]
[Black "Kratochvil, Vit1"]
[Result "1/2-1/2"]
[WhiteElo "1955"]
[BlackElo "2261"]
[WhiteFideId "5019915"]
[BlackFideId "333808"]
[EventDate "2017.07.21"]

1. d4 Nf6 2. c4 c5 3. d5 e5 4. Nc3 d6 5. e4 g6 6. g3 Bg7 7. Bg2 O-O 8. Nf3 Na6
9. O-O Nc7 10. Ne1 Rb8 11. a4 b6 12. Nc2 a6 13. Re1 Bd7 14. Na3 Qe7 15. h4 Kh8
16. Bf3 h5 17. Bg5 Qe8 18. Bxf6 Bxf6 19. Kg2 Kg7 20. Be2 1/2-1/2